| 000 | 01062nam a2200217Ia 4500 | ||
|---|---|---|---|
| 003 | OSt | ||
| 005 | 20211015142054.0 | ||
| 008 | 210310s2007 ck ad gr 000 0 spa d | ||
| 040 |
_aCO-JMCR _cCO-JMCR |
||
| 041 | 0 | _aspa | |
| 082 | 0 | 4 |
_a338.17373 / _bA837c _223 |
| 111 | 2 |
_aAsamblea ( _n70o. : _d2006 : _cCartagena) _941189 |
|
| 245 | 1 | 0 |
_aCafé de Colombia : _bel mejor café del mundo, es apenas el comienzo de la historia / _cMemoria LXX Asamblea |
| 260 |
_aCartagena : _bAsoexport, _c2007 |
||
| 300 |
_a199 páginas : _bilustraciones, gráficas y fotografías en blanco y negro ; _c23 cm. |
||
| 500 | _aMemoria LXX asamblea Cartagena, noviembre 16 y 17 de 2006. | ||
| 505 | 0 | _aTodavía no debemos ampliar el área cafetera. -- Panorama del mercado cafetera año 2005/2006. -- In memoria. -- Situación global y fiscal de la economía Colombia. -- Si enfrentamos los retos de hoy como la crisis, bienvenido el futuro. -- Colombianos a tomar café. | |
| 650 | 1 | 4 |
_aÁrea cafetera _928787 |
| 650 | 2 | 4 |
_aEconomía cafetara _zColombia _941190 |
| 942 |
_2ddc _cBK |
||
| 999 |
_c12634 _d12634 |
||